Statistics for FIFA World Team of the Year 2012

Click here to take the quiz!

General Stats

  • This quiz has been taken 2,861 times
    (2,821 since last reset)
  • The average score is 9 of 11

Answer Stats

HintAnswer% Correct
FWCristiano Ronaldo
99%
FWLionel Messi
99%
DFSergio Ramos
91%
MFAndres Iniesta
90%
GKIker Casillas
90%
MFXavi Hernandez
90%
DFGerard Pique
84%
DFDani Alves
73%
DFMarcelo
66%
MFXabi Alonso
52%
FWRadamel Falcao
43%

Score Distribution

Percentile by Number Answered

Percent of People with Each Score

Your Score History

You have not taken this quiz since the last reset